The Last Word: Actors Quiz Stats

 Plays Quiz Updated Feb 11, 2018

Challenge
Share
Tweet
Embed
Score 0/36 Timer 04:00
5 Plays Today
Hint Answer % Correct
Tom CruiseGun
98.3%
Tom HanksGump
97%
Morgan FreemanRedemption
96.2%
Robin WilliamsHunting
95.9%
Dustin HoffmanMan
95.7%
Jack NicholsonGets
94%
Marlon BrandoNow
93.2%
Dustin HoffmanPanda
93.1%
Tom HanksAway
92.7%
Dustin HoffmanKramer
92.3%
Clint EastwoodBaby
91.9%
Jack NicholsonMen
90.9%
Morgan FreemanMovie
90.7%
Tom CruiseMaguire
88.3%
Clint EastwoodHarry
88.1%
Al PacinoWoman
86.3%
Robin WilliamsAdams
82.9%
Gary OldmanSpy
80.5%
Hint Answer % Correct
Al PacinoAfternoon
78%
Gary OldmanBegins
77.4%
Marlon BrandoParis
76%
Tom CruiseSamurai
74.6%
Denzel WashingtonCollector
73.1%
Denzel WashingtonFire
72.6%
Tom HanksPhillips
71%
Gary OldmanSpace
69.1%
Al PacinoBrasco
67.4%
Robin WilliamsKing
67.3%
Marlon BrandoWaterfront
65.4%
Morgan FreemanGirls
60.4%
Denzel WashingtonGangster
58%
Clint EastwoodWagon
55.2%
Jack NicholsonPieces
53.6%
Charlie ChaplinDictator
53.5%
Charlie ChaplinTimes
49%
Charlie ChaplinLights
44.8%

You're not logged in!

Compare scores with friends on all Sporcle quizzes.
OR
Log In

You Might Also Like...

Show Comments

Extras

Top Quizzes Today


Score Distribution

Your Account Isn't Verified!

In order to create a playlist on Sporcle, you need to verify the email address you used during registration. Go to your Sporcle Settings to finish the process.

Report this User

Report this user for behavior that violates our Community Guidelines.

Details: